000 00421cam a22001097a 4500
008 180718b1956 xxu||||| |||| 00| 0 eng d
082 _aDx42 Un3s
245 _aThe security of the Middle East
_cby Reference Division, Central Office of Information
260 _aLondon
_bReference Division, Central Office of Information
_c1956
300 _a22+p.
700 _aUnited Kingdom. Central Office of Information. Reference Division
999 _c490150
_d490150